=LDR 00000nam 2200000 4500 =001 INLIS000000000046597 =005 20150413153803.0 =006 =007 =008 =035 ##$$0010-041500000000079 =082 ##$$a 813 =090 ##$$a 813 GEN G =100 ##$$a TIM NUANSA =245 ##$$a GERINDA =260 ##$$aNUANSA =300 ##$$a HLM, 46 =850 ##$$a NPBMAT